000 00473nam a2200169Ia 4500
003 OSt
005 20201117094059.0
008 190216s9999||||xx |||||||||||||| ||und||
040 _coclc
082 _a894.8123
_bRAD/U
100 _aRadhakrishnan, C
_96488
245 0 _aUllil Ullathu /
_cC Radhakrishnan
260 _bHi Tech Books,
_a Kochi:
_c2002.
300 _a429p
650 _aMalayalam
942 _cBK
_2ddc
_h894.8123
_iRAD/U
_k894.8123
_mRAD/U
999 _c28634
_d28634